Catálogo

LA OBRA EDUCATIVA DE LOS JESUITAS EN PUEBLA 1578-1945 (Registro nro. 42881)

Detalles MARC
000 -LEADER
fixed length control field 01070nam a2200205 a 4500
001 - CONTROL NUMBER
control field 42881
005 - DATE AND TIME OF LATEST TRANSACTION
control field 20180714021222.0
008 - FIXED-LENGTH DATA ELEMENTS--GENERAL INFORMATION
fixed length control field 140415s1999 mx 000 0 spa d
020 ## - INTERNATIONAL STANDARD BOOK NUMBER
International Standard Book Number 9688593745
041 ## - LANGUAGE CODE
Language code of text/sound track or separate title spa
082 ## - DEWEY DECIMAL CLASSIFICATION NUMBER
Classification number 370.972482
Item number PAL
100 1# - MAIN ENTRY--PERSONAL NAME
Personal name PALOMERA, ESTEBAN J.
245 13 - TITLE STATEMENT
Title LA OBRA EDUCATIVA DE LOS JESUITAS EN PUEBLA 1578-1945
250 ## - EDITION STATEMENT
Edition statement 1a ed.
260 ## - PUBLICATION, DISTRIBUTION, ETC.
Place of publication, distribution, etc. MEXICO :
Name of publisher, distributor, etc. UNIVERSIDAD IBEROAMERICANA,
Date of publication, distribution, etc. 1999
300 ## - PHYSICAL DESCRIPTION
Extent 431
Dimensions x 13 x 21
500 ## - GENERAL NOTE
General note COLECCIÓN PUEBLA
520 ## - SUMMARY, ETC.
Summary, etc. EN ESTE LIBRO SE PRESENTA UNA SISTEMATIZACION DE DATOS, ADEMAS DE UNA EXORTACION TACTICA A ACTUALIZAR DE MANERA CONSTANTE LAS CARACTERISTICAS Y LINEAMIENTOS DE LA TAREA EDUCATIVA DE LA COMPAÑIA DE JESUS Y DE LOS SUJETOS INVOLUCRADOS EN ELLAS. JUNTO CON LA INFORMACION ACERCA DE LOS ACONTECERES EDUCATIVOS EN PUEBLA, Y LAS EVOCACIONES QUE SUSCITARAN EN QUIENES ESTAN CERCANOS AL MEDIO, LA OBRA DESPERTARA EN EL LECTOR PREGUNTAS REFERIDAS AL PASADO, PRESENTE Y FUTURO DE LA LABOR DE LOS JES
650 14 - SUBJECT ADDED ENTRY--TOPICAL TERM
Topical term or geographic name entry element JESUITAS
General subdivision EDUCACION
-- JESUITAS
-- PUEBLA
Existencias
Withdrawn status Lost status Source of classification or shelving scheme Damaged status Not for loan Collection code Home library Current library Shelving location Date acquired Source of acquisition Inventory number Total Checkouts Full call number Barcode Date last seen Price effective from Koha item type
    Dewey Decimal Classification   Consulta en sala Puebla Biblioteca Karol Wojtyla Biblioteca Karol Wojtyla Área de silencio 03/12/2013 Compra 151000000000000000072502   370.972482 PAL 64623 05/01/2026 03/12/2013 Libro